<?xml version="1.0" encoding="UTF-8"?>
<record
    xmlns:xsi="http://www.w3.org/2001/XMLSchema-instance"
    xsi:schemaLocation="http://www.loc.gov/MARC21/slim http://www.loc.gov/standards/marcxml/schema/MARC21slim.xsd"
    xmlns="http://www.loc.gov/MARC21/slim">

  <leader>01014nam a22002537a 4500</leader>
  <controlfield tag="003">BI-BuBU</controlfield>
  <controlfield tag="008">130212s2010    bd ||||dr|||| 000 0 fre d</controlfield>
  <datafield tag="037" ind1=" " ind2=" ">
    <subfield code="b">don</subfield>
  </datafield>
  <datafield tag="039" ind1=" " ind2=" ">
    <subfield code="a">20130212160725.0</subfield>
    <subfield code="b">Godeberthe nsengimana</subfield>
  </datafield>
  <datafield tag="040" ind1=" " ind2=" ">
    <subfield code="a">BI-BuBU</subfield>
    <subfield code="b">fre</subfield>
    <subfield code="c">BI-BuBU</subfield>
    <subfield code="d">BI-BuBU</subfield>
  </datafield>
  <datafield tag="041" ind1="0" ind2=" ">
    <subfield code="a">fre</subfield>
  </datafield>
  <datafield tag="080" ind1=" " ind2=" ">
    <subfield code="a">633.88.</subfield>
  </datafield>
  <datafield tag="100" ind1="1" ind2=" ">
    <subfield code="4">aut</subfield>
    <subfield code="a">Ninganza,charles</subfield>
    <subfield code="9">72613</subfield>
  </datafield>
  <datafield tag="245" ind1="1" ind2="0">
    <subfield code="a">Contribution &#xE0; l'&#xE9;tude des plantes utilis&#xE9;es dans la m&#xE9;decine v&#xE9;t&#xE9;rinaire traditionnelle au Burundi</subfield>
    <subfield code="b">cas de la commune Vugizo</subfield>
    <subfield code="c">Balthasar Mpawenayo</subfield>
  </datafield>
  <datafield tag="260" ind1=" " ind2=" ">
    <subfield code="a">Bujumbura</subfield>
    <subfield code="b">Universit&#xE9; du Burundi</subfield>
    <subfield code="c">2010</subfield>
  </datafield>
  <datafield tag="300" ind1=" " ind2=" ">
    <subfield code="a">VII-72 f.</subfield>
    <subfield code="c">29 cm.</subfield>
  </datafield>
  <datafield tag="500" ind1=" " ind2=" ">
    <subfield code="a">M&#xE9;moire de licence.-U.B,2010</subfield>
  </datafield>
  <datafield tag="650" ind1=" " ind2="7">
    <subfield code="2">BI-BuBU</subfield>
    <subfield code="a">M&#xE9;decine v&#xE9;t&#xE9;rinaire traditionnelle.Plante utilis&#xE9;e.</subfield>
    <subfield code="c">Burundi.</subfield>
    <subfield code="9">65918</subfield>
  </datafield>
  <datafield tag="700" ind1=" " ind2=" ">
    <subfield code="a">Mpawenayo Balthazar</subfield>
    <subfield code="9">65919</subfield>
  </datafield>
  <datafield tag="710" ind1=" " ind2=" ">
    <subfield code="a">U.B.</subfield>
    <subfield code="9">65920</subfield>
  </datafield>
  <datafield tag="942" ind1=" " ind2=" ">
    <subfield code="2">udc</subfield>
    <subfield code="c">MEM</subfield>
  </datafield>
  <datafield tag="999" ind1=" " ind2=" ">
    <subfield code="c">18653</subfield>
    <subfield code="d">18653</subfield>
  </datafield>
  <datafield tag="952" ind1=" " ind2=" ">
    <subfield code="0">0</subfield>
    <subfield code="1">0</subfield>
    <subfield code="2">udc</subfield>
    <subfield code="4">0</subfield>
    <subfield code="7">0</subfield>
    <subfield code="9">30075</subfield>
    <subfield code="a">BC</subfield>
    <subfield code="b">BC</subfield>
    <subfield code="d">2013-02-12</subfield>
    <subfield code="e">Don auteur</subfield>
    <subfield code="l">0</subfield>
    <subfield code="o">633.88.NIN. V</subfield>
    <subfield code="p">5010000317256</subfield>
    <subfield code="r">2013-02-12</subfield>
    <subfield code="t">1</subfield>
    <subfield code="w">2013-02-12</subfield>
    <subfield code="y">MEM</subfield>
  </datafield>
</record>
